| 000 | 00877nam a2200217 a 4500 | ||
|---|---|---|---|
| 003 | 0 | ||
| 005 | 20250402101449.0 | ||
| 008 | 050810s19uu xx 00 eng d | ||
| 050 |
_aPGS HQ 792.P6 _b.T136 2005 |
||
| 100 | _aTakezawa, Sayuri. | ||
| 245 |
_aThe advantages and disadvantages of having foreign parents among lower school children / _cSayuri Takezawa. |
||
| 260 |
_aLas PiƱas City, Philippines : _bSouthville International School and Colleges, _c2005. |
||
| 300 |
_a36 pages : _billustrations ; _c28 cm. |
||
| 504 | _aIncludes bibliographical references. | ||
| 650 |
_aChildren of foreign parents _vSocial aspects. |
||
| 650 |
_aChildren of mixed nationality _vPsychological aspects. |
||
| 650 |
_aParenting _vCross-cultural studies. |
||
| 650 |
_aChildren _vSocial aspects. _zPhilippines. |
||
| 650 |
_aAcculturation _vFamily influences. |
||
| 942 |
_2lcc _cPASS |
||
| 999 |
_c97427 _d97427 |
||